Normal view
MARC view
- Ball , Donald . A , Mcculloch, Wendell .H , Frantz, Paul L
Entry Personal Name
001 - CONTROL NUMBER
- control field: 64090
003 - CONTROL NUMBER IDENTIFIER
- control field: NUST
005 - DATE AND TIME OF LATEST TRANSACTION
- control field: 20210628203224.0
008 - FIXED-LENGTH DATA ELEMENTS
- fixed length control field: 210628|| aca||aabn | a|a d
040 ## - CATALOGING SOURCE
- Original cataloging agency: NUST
- Transcribing agency: NUST
100 ## - HEADING--PERSONAL NAME
- Personal name: Ball , Donald . A , Mcculloch, Wendell .H , Frantz, Paul L
670 ## - SOURCE DATA FOUND
- Source citation: Work cat.: (NUST): Ball , Donald . A , Mcculloch, Wendell .H , Frantz, Paul L, International business , the challenge of global competition, 2004
